Movies Quiz

Random Movies or Disney Quiz

Progressively Smaller Disney Movies Quiz Stats

 Plays Quiz Updated Sep 3, 2019

Score 0/20 Timer 05:00
1 Play Today
% Correct
Aladdin
99.1%
Snow White and the Seven Dwarfs
98%
Robin Hood
97.6%
Dumbo
97%
Frozen
95.7%
The Little Mermaid
95.6%
Mulan
95.3%
Lady and the Tramp
94.7%
The Lion King
94.7%
Cinderella
94.6%
% Correct
Beauty and the Beast
93.4%
Moana
90.3%
Fantasia
89%
The Aristocats
89%
The Sword in the Stone
84.7%
Zootopia
82.1%
Big Hero 6
78.4%
The Emperor's New Groove
76.1%
The Great Mouse Detective
71.7%
The Black Cauldron
47.6%

You're not logged in!

Compare scores with friends on all Sporcle quizzes.
OR
Log In

Sporcle TV

Today on Sporcle TV


Watch our educational content, quiz creation guides, and fun videos on Sporcle TV.

Show Comments

Extras

Top Quizzes Today


Score Distribution

Your Account Isn't Verified!

In order to create a playlist on Sporcle, you need to verify the email address you used during registration. Go to your Sporcle Settings to finish the process.

Report this User

Report this user for behavior that violates our Community Guidelines.

Details: